MARC

LEADER 00000nam0a2200000 4500
001 6143
005 20231101204449.0
010 |a 5756701168 
035 |a (RuTPU)RU\TPU\book\6173 
035 |a BOOK00006228 
090 |a 6143 
100 |a 20011209d1996 km y0rusy50 ca 
101 0 |a rus 
102 |a RU 
105 |a y z 000zy 
200 1 |a Легитимация власти в постсоциалистическом российском обществе  |f В. А. Ачкасов, С. М. Елисеев, С. А. Ланцов 
210 |a Москва  |c Аспект Пресс  |d 1996 
215 |a 127 с. 
225 1 |a Открытая книга - открытое сознание - открытое общество 
606 1 |a Легитимация власти  |y Россия  |2 stltpush  |3 (RuTPU)RU\TPU\subj\39895  |9 59794 
610 1 |a политика 
610 1 |a политическая система 
610 1 |a Россия 
610 1 |a власть 
610 1 |a легитимация 
686 |a Ф3(2)12  |v LBC/SL-A  |2 rubbk 
700 1 |a Ачкасов  |b В. А.  |g Валерий Алексеевич 
701 1 |a Елисеев  |b С. М.  |g Сергей Михайлович 
701 1 |a Ланцов  |b С. А.  |g Сергей Алексеевич 
801 0 |a RU  |b 63413507  |c 20011209  |g PSBO 
801 2 |a RU  |b 63413507  |c 20210302  |g PSBO 
942 |c BK